000 00415 a2200157 4500
001 194627
020 _a978-85-7406-016-3
040 _cMagnum
100 _aMarjanovic, Stanislav
240 1 0 _aPequeno manual de monstros caseiros
_lpor
245 1 0 _aPequeno manual de monstros caseiros
362 0 _a1998
440 1 _aCompanhia das Letrinhas
697 _aLITERATURA INFANTO-JUVENIL ESTRANGEIRA
942 _cBK
999 _c194627
_d194627